Non-Populous State Capitals Quiz Stats

 Plays Quiz Updated Oct 2, 2016

Challenge
Share
Tweet
Embed
Score 0/15 Timer 04:00
5 Plays Today
% Correct
Harrisburg
69.2%
Albany
68.5%
Olympia
66%
Carson City
65.9%
Frankfort
64.5%
Jefferson City
63.6%
Sacramento
56.1%
Tallahassee
55.5%
% Correct
Springfield
54.4%
Montpelier
52.6%
Trenton
50%
Annapolis
49.2%
Pierre
48.5%
Augusta
43.9%
Helena
42%

You're not logged in!

Compare scores with friends on all Sporcle quizzes.
OR
Log In

You Might Also Like...

Show Comments

Extras

Top Quizzes Today


Score Distribution

Your Account Isn't Verified!

In order to create a playlist on Sporcle, you need to verify the email address you used during registration. Go to your Sporcle Settings to finish the process.

Report this User

Report this user for behavior that violates our Community Guidelines.

Details: